[Event "CFriend SL-2003-0-00010 email"]
[Site "Chessfriend.com"]
[Date "2003.07.16"]
[Round "?"]
[White "Trevis, Robert R"]
[Black "Zrinski, Scott A"]
[Result "1-0"]
[WhiteElo "1315"]
[BlackElo "1161"]
[PlyCount "95"]
[EventDate "2003.07.16"]
[EventType "tourn (corr)"]
[EventRounds "8"]
[SourceTitle "Corr 2008"]
[Source "ChessBase"]
[SourceDate "2008.06.24"]
[SourceVersion "1"]
[SourceVersionDate "2008.06.24"]
[SourceQuality "1"]

1. Nf3 Nf6 2. d4 e6 3. c4 d5 4. Bg5 Nbd7 5. Nc3 Be7 6. e3 Ne4 7. Bxe7 Qxe7 8. Rc1 c6 9. Bd3 f5 10. 0-0 0-0 11. Qb3 g5 12. Qc2 g4 13. Nd2 Qg5 14. Rfd1 Rf6 15. cxd5 exd5 16. Ndxe4 fxe4 17. Bxe4 Rh6 18. Bf5 Nf6 19. Bxc8 Rxc8 20. Qb3 g3 21. hxg3 Rf8 22. Re1 Ng4 23. f4 Qh5 24. Kf1 Qh1+ 25. Ke2 Qxg2+ 26. Kd3 Rh2 27. Re2 Nf2+ 28. Kc2 Rf7 29. Kb1 Qxg3 30. Qc2 Ng4 31. Rxh2 Nxh2 32. e4 dxe4 33. d5 Qxf4 34. dxc6 bxc6 35. Nxe4 Nf3 36. Rd1 Ne5 37. Rg1+ Kh8 38. Qg2 Ng6 39. Re1 Nh4 40. Qc2 Nf3 41. Qc3+ Qe5 42. Qxe5+ Nxe5 43. Ng5 Rf5 44. Rxe5 Rxe5 45. Nf7+ Kg7 46. Nxe5 Kf6 47. Nxc6 h5 48. Kc2 1-0

[Event "CFriend SL-2003-0-00010 email"]
[Site "Chessfriend.com"]
[Date "2003.07.16"]
[Round "?"]
[White "Zrinski, Scott A"]
[Black "Hort, Wolfgang"]
[Result "1-0"]
[WhiteElo "1161"]
[BlackElo "1558"]
[PlyCount "65"]
[EventDate "2003.07.16"]
[EventType "tourn (corr)"]
[EventRounds "8"]
[SourceTitle "Corr 2008"]
[Source "ChessBase"]
[SourceDate "2008.06.24"]
[SourceVersion "1"]
[SourceVersionDate "2008.06.24"]
[SourceQuality "1"]

1. e4 c6 2. d4 d5 3. Nc3 dxe4 4. Nxe4 Bf5 5. Ng3 Bg6 6. Nf3 Nf6 7. Bd3 e6 8. 0-0 Bd6 9. c3 Nbd7 10. Re1 Bxd3 11. Qxd3 Bxg3 12. fxg3 0-0 13. Bf4 Rc8 14. Rad1 Qb6 15. Re2 Rfd8 16. Qc2 c5 17. h3 c4 18. g4 Nd5 19. Bg3 Qa5 20. Ng5 N7f6 21. Ne4 Nxe4 22. Qxe4 Qxa2 23. Rf1 Rd7 24. Rf5 Nf6 25. Rxf6 gxf6 26. Bh4 Qa1+ 27. Kh2 Qf1 28. Rf2 Qd3 29. Qf4 Qg6 30. Bxf6 h6 31. Be5 b5 32. Qe3 f5 33. gxf5 1-0

[Event "CFriend SL-2003-0-00008 email"]
[Site "Chessfriend.com"]
[Date "2003.05.13"]
[Round "?"]
[White "Krabbenbos, Jan"]
[Black "Zrinski, Scott A"]
[Result "1-0"]
[WhiteElo "1497"]
[BlackElo "1161"]
[PlyCount "61"]
[EventDate "2003.05.13"]
[EventType "tourn (corr)"]
[EventRounds "12"]
[SourceTitle "Corr 2008"]
[Source "ChessBase"]
[SourceDate "2008.06.24"]
[SourceVersion "1"]
[SourceVersionDate "2008.06.24"]
[SourceQuality "1"]

1. Nc3 e5 2. Nf3 Nc6 3. g3 d5 4. Bg2 Nf6 5. d4 e4 6. Ne5 Bb4 7. Bg5 h6 8. Nxc6 bxc6 9. Bd2 0-0 10. 0-0 Bxc3 11. Bxc3 Ba6 12. Re1 Qd7 13. e3 Rab8 14. b3 Rfe8 15. Bb2 Qf5 16. Qd2 Nh7 17. Rac1 Ng5 18. Qc3 Re6 19. Qc5 Nf3+ 20. Bxf3 exf3 21. Kh1 Rbe8 22. c4 Qh3 23. Rg1 Rg6 24. cxd5 Rg5 25. g4 Rxg4 26. Rxg4 Qxg4 27. Rg1 Qh3 28. d6 Rxe3 29. d7 Re1 30. d8Q+ Kh7 31. Qh8+ 1-0

[Event "CFriend SL-2003-0-00006 email"]
[Site "Chessfriend.com"]
[Date "2003.03.26"]
[Round "?"]
[White "Chuprys, Viktar"]
[Black "Zrinski, Scott A"]
[Result "1-0"]
[WhiteElo "1517"]
[BlackElo "1211"]
[PlyCount "63"]
[EventDate "2003.02.25"]
[EventType "tourn (corr)"]
[EventRounds "12"]
[SourceTitle "Corr 2008"]
[Source "ChessBase"]
[SourceDate "2008.06.24"]
[SourceVersion "1"]
[SourceVersionDate "2008.06.24"]
[SourceQuality "1"]

1. e4 e5 2. Nf3 Nc6 3. Bc4 Nf6 4. Ng5 d5 5. exd5 Nd4 6. c3 b5 7. Bf1 Nxd5 8. Ne4 Qh4 9. Ng3 Bg4 10. f3 e4 11. cxd4 Bd6 12. Bxb5+ Kd8 13. Qb3 Bxg3+ 14. Kd1 Be6 15. Bc6 exf3 16. Bxd5 fxg2 17. Qxg3 Qxg3 18. hxg3 Bxd5 19. Rg1 Re8 20. Nc3 Bf3+ 21. Kc2 Rb8 22. d3 Rb6 23. Bf4 f6 24. Ne4 g5 25. Be3 h5 26. d5 Rb5 27. Bxa7 Rxd5 28. Nd2 g4 29. Nc4 Re2+ 30. Kc3 h4 31. gxh4 f5 32. Be3 1-0

[Event "CFriend SL-2003-0-00006 email"]
[Site "Chessfriend.com"]
[Date "2003.03.26"]
[Round "?"]
[White "Winfrey, Harley"]
[Black "Zrinski, Scott A"]
[Result "0-1"]
[WhiteElo "798"]
[BlackElo "1211"]
[PlyCount "56"]
[EventDate "2003.02.25"]
[EventType "tourn (corr)"]
[EventRounds "12"]
[SourceTitle "Corr 2008"]
[Source "ChessBase"]
[SourceDate "2008.06.24"]
[SourceVersion "1"]
[SourceVersionDate "2008.06.24"]
[SourceQuality "1"]

1. e4 e5 2. Nf3 Nc6 3. d3 Nf6 4. Be3 d5 5. Be2 dxe4 6. 0-0 exf3 7. Bxf3 Bd6 8. Bxc6+ bxc6 9. Nc3 0-0 10. a3 Nd5 11. Nxd5 cxd5 12. Qd2 d4 13. Bg5 f6 14. Bh4 c5 15. f3 Be6 16. c4 g5 17. Bg3 f5 18. Rab1 f4 19. Be1 a5 20. b4 cxb4 21. axb4 Bxb4 22. Qb2 Rb8 23. Bxb4 Rxb4 24. Qa3 Qb6 25. Rfc1 Rxb1 26. Rxb1 Qxb1+ 27. Kf2 Qc2+ 28. Ke1 Rb8 0-1

[Event "CFriend SL-2003-0-00006 email"]
[Site "Chessfriend.com"]
[Date "2003.03.26"]
[Round "?"]
[White "Zrinski, Scott A"]
[Black "Bouma, Jan"]
[Result "0-1"]
[WhiteElo "1211"]
[BlackElo "1761"]
[PlyCount "52"]
[EventDate "2003.02.25"]
[EventType "tourn (corr)"]
[EventRounds "12"]
[SourceTitle "Corr 2008"]
[Source "ChessBase"]
[SourceDate "2008.06.24"]
[SourceVersion "1"]
[SourceVersionDate "2008.06.24"]
[SourceQuality "1"]

1. e4 c5 2. Nf3 d6 3. Bb5+ Bd7 4. Bxd7+ Nxd7 5. 0-0 Ngf6 6. Qe2 e6 7. c3 Be7 8. d4 0-0 9. Nbd2 Qc7 10. Re1 Rac8 11. e5 Nd5 12. exd6 Bxd6 13. Ne4 cxd4 14. Nxd6 Qxd6 15. Nxd4 N7f6 16. Bg5 Rfd8 17. Rad1 Qc7 18. Nb5 Qc5 19. Qd3 h6 20. Bxf6 Nxf6 21. Qxd8+ Rxd8 22. Rxd8+ Kh7 23. Na3 Nd5 24. c4 Nf4 25. Rdd1 Qc6 26. f3 Qb6+ 0-1

[Event "CFriend SL-2003-0-00006 email"]
[Site "Chessfriend.com"]
[Date "2003.03.26"]
[Round "?"]
[White "Zrinski, Scott A"]
[Black "Patterson, Michael"]
[Result "1-0"]
[WhiteElo "1211"]
[BlackElo "1099"]
[PlyCount "37"]
[EventDate "2003.02.25"]
[EventType "tourn (corr)"]
[EventRounds "12"]
[SourceTitle "Corr 2008"]
[Source "ChessBase"]
[SourceDate "2008.06.24"]
[SourceVersion "1"]
[SourceVersionDate "2008.06.24"]
[SourceQuality "1"]

1. e4 c5 2. Nf3 Nc6 3. Bb5 e6 4. 0-0 Nge7 5. Re1 a6 6. Bxc6 Nxc6 7. d4 cxd4 8. Nxd4 Qc7 9. c3 Bd6 10. h3 0-0 11. Nd2 b5 12. N2f3 Bb7 13. Qe2 Nxd4 14. Nxd4 Rac8 15. Qg4 Kh8 16. Qh4 b4 17. Bd2 bxc3 18. Bxc3 Rfe8 19. Rad1 1-0

[Event "CFriend SL-2003-0-00001 email"]
[Site "Chessfriend.com"]
[Date "2003.01.14"]
[Round "?"]
[White "Poblete, Litos"]
[Black "Zrinski, Scott A"]
[Result "1/2-1/2"]
[WhiteElo "1293"]
[BlackElo "1252"]
[PlyCount "43"]
[EventDate "2003.01.14"]
[EventType "tourn (corr)"]
[EventRounds "12"]
[SourceTitle "Corr 2008"]
[Source "ChessBase"]
[SourceDate "2008.06.24"]
[SourceVersion "1"]
[SourceVersionDate "2008.06.24"]
[SourceQuality "1"]

1. d4 Nf6 2. c4 e6 3. Nc3 Bb4 4. Qc2 c5 5. dxc5 0-0 6. a3 Bxc5 7. Nf3 d5 8. cxd5 exd5 9. e3 Be7 10. Be2 Nc6 11. 0-0 Be6 12. Rd1 Qb8 13. b4 Ne5 14. Bb2 Ng6 15. h3 Rc8 16. Qd2 Ne4 17. Nxe4 dxe4 18. Nd4 Qd6 19. Nxe6 Qxe6 20. Rac1 Rxc1 21. Rxc1 Rd8 22. Qc2 1/2-1/2

[Event "CFriend SL-2003-0-00001 email"]
[Site "Chessfriend.com"]
[Date "2003.01.14"]
[Round "?"]
[White "Urbelz, Ignacio"]
[Black "Zrinski, Scott A"]
[Result "1-0"]
[WhiteElo "1464"]
[BlackElo "1138"]
[PlyCount "41"]
[EventDate "2003.01.14"]
[EventType "tourn (corr)"]
[EventRounds "12"]
[SourceTitle "Corr 2008"]
[Source "ChessBase"]
[SourceDate "2008.06.24"]
[SourceVersion "1"]
[SourceVersionDate "2008.06.24"]
[SourceQuality "1"]

1. e4 c5 2. Nc3 Nc6 3. g3 g6 4. Bg2 Bg7 5. d3 d6 6. f4 e6 7. Nf3 Nge7 8. 0-0 0-0 9. Be3 Nd4 10. Bf2 Nec6 11. Nxd4 Nxd4 12. e5 dxe5 13. fxe5 Bxe5 14. Ne4 Rb8 15. c3 Nf5 16. Bxc5 Re8 17. Bxa7 Ra8 18. Bf2 Rb8 19. d4 Bg7 20. g4 Nh4 21. Bxh4 1-0

[Event "CFriend SL-2003-0-00001 email"]
[Site "Chessfriend.com"]
[Date "2003.01.14"]
[Round "?"]
[White "Zrinski, Scott A"]
[Black "Kluge, Klaus"]
[Result "0-1"]
[WhiteElo "1252"]
[BlackElo "1359"]
[PlyCount "82"]
[EventDate "2003.01.14"]
[EventType "tourn (corr)"]
[EventRounds "12"]
[SourceTitle "Corr 2008"]
[Source "ChessBase"]
[SourceDate "2008.06.24"]
[SourceVersion "1"]
[SourceVersionDate "2008.06.24"]
[SourceQuality "1"]

1. e4 c6 2. d4 d5 3. Nc3 dxe4 4. Nxe4 Bf5 5. Ng3 Bg6 6. h4 h6 7. h5 Bh7 8. Nf3 e6 9. Bd3 Bxd3 10. Qxd3 Nf6 11. Bd2 Nbd7 12. 0-0-0 Qc7 13. Kb1 0-0-0 14. c4 c5 15. Qe2 Bd6 16. Ne4 Nxe4 17. Qxe4 Nf6 18. Qc2 Rd7 19. Bc3 cxd4 20. Bxd4 Rhd8 21. Bxf6 gxf6 22. Rd3 Bc5 23. Rhd1 Rxd3 24. Rxd3 Rxd3 25. Qxd3 Bxf2 26. b3 Qg3 27. Qh7 Qxg2 28. Qh8+ Kd7 29. Qxf6 Qh1+ 30. Kc2 Qxh5 31. Ne5+ Kc8 32. Qxf2 Qxe5 33. Qxa7 f5 34. Qg1 f4 35. Qg8+ Kc7 36. Qh7+ Kc6 37. Qxh6 f3 38. Qh1 Qe2+ 39. Kc3 Kd6 40. Qh4 Qe3+ 41. Kb4 f2 0-1

[Event "IECG CP.2002.P.00071 email"]
[Site "IECG email"]
[Date "2002.10.01"]
[Round "?"]
[White "Tavani, Alberto"]
[Black "Zrinski, Scott A"]
[Result "1-0"]
[WhiteElo "1463"]
[BlackElo "1228"]
[PlyCount "63"]
[EventDate "2002.10.01"]
[EventType "tourn (corr)"]
[EventRounds "6"]
[EventCountry "ITA"]
[SourceTitle "Corr 2008"]
[Source "ChessBase"]
[SourceDate "2008.06.24"]
[SourceVersion "1"]
[SourceVersionDate "2008.06.24"]
[SourceQuality "1"]

1. e4 c5 2. Nf3 d6 3. d4 Nf6 4. Nc3 cxd4 5. Nxd4 Bd7 6. Bc4 e6 7. 0-0 Be7 8. Be3 0-0 9. f4 Nc6 10. Qf3 Nxd4 11. Bxd4 Bc6 12. Rad1 Qc7 13. Qg3 Ne8 14. Bd3 f6 15. Qh3 Bd7 16. f5 e5 17. Nd5 Qd8 18. Bc4 Kh8 19. Rf4 exf4 20. Nxf4 h6 21. Ng6+ Kh7 22. Be3 Nc7 23. Qg4 Qe8 24. Rd3 Be6 25. Nxf8+ Bxf8 26. fxe6 Qa4 27. Rc3 Qa5 28. e7 Bxe7 29. Bf7 Rf8 30. Qg6+ Kh8 31. Bxh6 Rxf7 32. Qxf7 1-0

[Event "IECG CE.2002.0.00027 email"]
[Site "IECG email"]
[Date "2002.04.03"]
[Round "?"]
[White "Jordaan, Wayne"]
[Black "Zrinski, Scott A"]
[Result "0-1"]
[WhiteElo "1200"]
[BlackElo "1336"]
[PlyCount "58"]
[EventDate "2002.04.03"]
[EventType "tourn (corr)"]
[EventRounds "6"]
[SourceTitle "Corr 2008"]
[Source "ChessBase"]
[SourceDate "2008.06.24"]
[SourceVersion "1"]
[SourceVersionDate "2008.06.24"]
[SourceQuality "1"]

1. c4 e5 2. Nc3 g6 3. e4 Bg7 4. Nf3 Nc6 5. Be2 Nge7 6. 0-0 d6 7. d3 0-0 8. Bg5 Be6 9. b3 Qd7 10. Be3 Nd4 11. Rc1 c6 12. a3 d5 13. cxd5 cxd5 14. b4 Nxf3+ 15. Bxf3 d4 16. Bd2 dxc3 17. Bxc3 Nc6 18. Be2 Nd4 19. Qd2 Nb3 20. Qb2 Nxc1 21. Rxc1 Rac8 22. Rd1 Qa4 23. f4 Qb3 24. Bxe5 Qxb2 25. Bxb2 Bxb2 26. f5 Bd4+ 27. Kh1 gxf5 28. exf5 Bxf5 29. Bf3 b6 0-1

[Event "IECC Swiss email"]
[Site "IECC email"]
[Date "2002.04.01"]
[Round "?"]
[White "Zrinski, Scott A"]
[Black "Kowalski, Boleslaw"]
[Result "0-1"]
[WhiteElo "1592"]
[BlackElo "1572"]
[PlyCount "38"]
[EventDate "2002.??.??"]
[EventType "tourn (corr)"]
[EventRounds "6"]
[SourceTitle "Corr 2008"]
[Source "ChessBase"]
[SourceDate "2008.06.24"]
[SourceVersion "1"]
[SourceVersionDate "2008.06.24"]
[SourceQuality "1"]

1. b4 c6 2. Bb2 a5 3. b5 d5 4. e3 Nf6 5. Nf3 e6 6. Be2 cxb5 7. Bxb5+ Bd7 8. Nc3 Bd6 9. 0-0 0-0 10. a4 Qc7 11. d4 Bb4 12. Bxd7 Bxc3 13. Bxc3 Nbxd7 14. Bb2 Rfc8 15. c3 Ne4 16. Qb3 Nb6 17. Rac1 Nc4 18. Rfd1 Nxb2 19. Qxb2 Nxc3 0-1

[Event "IECG CE.2002.0.00020 email"]
[Site "IECG email"]
[Date "2002.01.09"]
[Round "?"]
[White "Rouse, Philip"]
[Black "Zrinski, Scott A"]
[Result "1-0"]
[WhiteElo "1374"]
[BlackElo "1279"]
[PlyCount "65"]
[EventDate "2002.01.09"]
[EventType "tourn (corr)"]
[EventRounds "6"]
[SourceTitle "Corr 2008"]
[Source "ChessBase"]
[SourceDate "2008.06.24"]
[SourceVersion "1"]
[SourceVersionDate "2008.06.24"]
[SourceQuality "1"]

1. c4 Nf6 2. Nc3 Nc6 3. d4 e5 4. d5 Ne7 5. e4 Ng6 6. h4 h5 7. Bg5 Bc5 8. Qd2 d6 9. Nge2 c6 10. dxc6 bxc6 11. Ng3 Qa5 12. Nf5 Bxf5 13. exf5 Ne7 14. Bxf6 gxf6 15. Bd3 d5 16. cxd5 cxd5 17. 0-0 Rb8 18. Rac1 e4 19. Nxe4 Qxd2 20. Nxd2 Rxb2 21. Rxc5 Rxd2 22. Re1 Kd7 23. Ra5 Ra8 24. Bb5+ Kd6 25. Ra6+ Kc5 26. Rxe7 Kxb5 27. Rxf6 Rxa2 28. Rfxf7 d4 29. Re5+ Kc4 30. Rc7+ Kd3 31. f6 Rb8 32. f3 Rbb2 33. Rg7 1-0

[Event "IECG CE.2002.0.00020 email"]
[Site "IECG email"]
[Date "2002.01.09"]
[Round "?"]
[White "Zrinski, Scott A"]
[Black "Bongiovanni, Claudio"]
[Result "0-1"]
[WhiteElo "1279"]
[BlackElo "1368"]
[PlyCount "60"]
[EventDate "2002.01.09"]
[EventType "tourn (corr)"]
[EventRounds "6"]
[SourceTitle "Corr 2008"]
[Source "ChessBase"]
[SourceDate "2008.06.24"]
[SourceVersion "1"]
[SourceVersionDate "2008.06.24"]
[SourceQuality "1"]

1. d4 Nf6 2. c4 g6 3. Nc3 d5 4. Nf3 Bg7 5. Qb3 dxc4 6. Qxc4 0-0 7. e4 a6 8. Be2 b5 9. Qb3 Nc6 10. Be3 Ng4 11. Rd1 Nxe3 12. fxe3 e5 13. dxe5 Qe8 14. Nd5 Be6 15. 0-0 Rd8 16. Qc3 Nxe5 17. Qxc7 Bxd5 18. Rxd5 Rxd5 19. exd5 Ng4 20. Qc5 Qxe3+ 21. Qxe3 Nxe3 22. Rc1 Nxd5 23. b3 Re8 24. Bf1 Nc3 25. a4 Ra8 26. a5 Rc8 27. Re1 Na2 28. g3 Bc3 29. Re7 Bb4 30. Re4 Bxa5 0-1

[Event "IECG CE.2002.0.00020 email"]
[Site "IECG email"]
[Date "2002.01.09"]
[Round "?"]
[White "Zrinski, Scott A"]
[Black "Taner, Harun"]
[Result "0-1"]
[WhiteElo "1279"]
[BlackElo "1332"]
[PlyCount "52"]
[EventDate "2002.01.09"]
[EventType "tourn (corr)"]
[EventRounds "6"]
[SourceTitle "Corr 2008"]
[Source "ChessBase"]
[SourceDate "2008.06.24"]
[SourceVersion "1"]
[SourceVersionDate "2008.06.24"]
[SourceQuality "1"]

1. Nf3 f5 2. g3 Nf6 3. Bg2 e6 4. 0-0 Be7 5. c4 0-0 6. Nc3 d5 7. d3 c6 8. e4 dxe4 9. dxe4 fxe4 10. Ng5 e5 11. Ngxe4 Nxe4 12. Bxe4 Qxd1 13. Rxd1 Bg4 14. Re1 Nd7 15. Bg2 Rad8 16. Be3 Nc5 17. h3 Bh5 18. g4 Bf7 19. Bxc5 Bxc5 20. Rxe5 Bd4 21. Re7 Bxc4 22. Ne4 b5 23. a4 Bxb2 24. Rb1 Bd4 25. axb5 cxb5 26. Kh1 a5 0-1

[Event "IECG CE.2002.0.00020 email"]
[Site "IECG email"]
[Date "2002.01.09"]
[Round "?"]
[White "Zrinski, Scott A"]
[Black "Trevis, Robert R"]
[Result "0-1"]
[WhiteElo "1279"]
[BlackElo "1248"]
[PlyCount "48"]
[EventDate "2002.01.09"]
[EventType "tourn (corr)"]
[EventRounds "6"]
[SourceTitle "Corr 2008"]
[Source "ChessBase"]
[SourceDate "2008.06.24"]
[SourceVersion "1"]
[SourceVersionDate "2008.06.24"]
[SourceQuality "1"]

1. e4 c5 2. Nf3 d6 3. Bb5+ Nc6 4. 0-0 Bg4 5. h3 Bh5 6. c3 Nf6 7. d4 cxd4 8. cxd4 a6 9. Bxc6+ bxc6 10. Nc3 e6 11. Bg5 Be7 12. Qa4 0-0 13. Qxc6 Bxf3 14. gxf3 Qb8 15. Rab1 Rc8 16. Qa4 Qb7 17. Rfc1 Rab8 18. Qd1 Nd5 19. Bxe7 Nxe7 20. Qd2 Qb4 21. a3 Qa5 22. Kh2 Ng6 23. Rg1 e5 24. Nd5 Qxd2 0-1

[Event "IECG TE.2001.P.00811 email"]
[Site "IECG email"]
[Date "2001.10.05"]
[Round "?"]
[White "Hanegby, Avigdor"]
[Black "Zrinski, Scott A"]
[Result "1-0"]
[WhiteElo "1963"]
[BlackElo "1648"]
[PlyCount "41"]
[EventDate "2001.10.05"]
[EventType "tourn (corr)"]
[EventRounds "12"]
[SourceTitle "Corr 2008"]
[Source "ChessBase"]
[SourceDate "2008.06.24"]
[SourceVersion "1"]
[SourceVersionDate "2008.06.24"]
[SourceQuality "1"]

1. e4 d6 2. d4 Nf6 3. Nc3 g6 4. Nf3 Bg7 5. Be3 0-0 6. Qd2 Bg4 7. Ng5 d5 8. h3 Bc8 9. e5 Ne8 10. 0-0-0 c6 11. Nf3 f6 12. Bh6 fxe5 13. dxe5 Qc7 14. Bxg7 Nxg7 15. Qh6 Rxf3 16. gxf3 Qxe5 17. Rg1 Bf5 18. Qe3 Qf6 19. Ne4 dxe4 20. Qb3+ Ne6 21. Qxb7 1-0

[Event "IECG CP.2001.P.00084"]
[Site "IECG email"]
[Date "2001.10.01"]
[Round "?"]
[White "Zrinski, Scott A"]
[Black "Ferrari, Cristiano"]
[Result "0-1"]
[WhiteElo "1648"]
[BlackElo "1356"]
[PlyCount "52"]
[EventDate "2001.10.01"]
[EventType "tourn (corr)"]
[EventRounds "6"]
[EventCountry "GER"]
[SourceTitle "Corr 2008"]
[Source "ChessBase"]
[SourceDate "2008.06.24"]
[SourceVersion "1"]
[SourceVersionDate "2008.06.24"]
[SourceQuality "1"]

1. d4 Nf6 2. c4 e6 3. g3 d5 4. Bg2 dxc4 5. Nf3 Bd7 6. Ne5 Bc6 7. Nxc6 Nxc6 8. Qa4 Qd7 9. e3 Nd5 10. Bd2 Nb6 11. Qc2 h5 12. h4 0-0-0 13. Nc3 Nb4 14. Qe4 Nd3+ 15. Ke2 c5 16. b3 f5 17. Qf3 cxd4 18. exd4 e5 19. bxc4 e4 20. Nxe4 fxe4 21. Qxe4 Re8 22. Kxd3 Rxe4 23. Bxe4 Bc5 24. d5 Nxc4 25. Kxc4 Qa4+ 26. Kxc5 b6+ 0-1

[Event "IECC TH-T email"]
[Site "IECC email"]
[Date "2001.09.10"]
[Round "?"]
[White "Berkley, Stephen W"]
[Black "Zrinski, Scott A"]
[Result "1-0"]
[WhiteElo "1716"]
[BlackElo "1602"]
[PlyCount "43"]
[EventDate "2001.??.??"]
[EventType "match (corr)"]
[EventRounds "2"]
[SourceTitle "Corr 2008"]
[Source "ChessBase"]
[SourceDate "2008.06.24"]
[SourceVersion "1"]
[SourceVersionDate "2008.06.24"]
[SourceQuality "1"]

1. d4 Nf6 2. c4 e6 3. g3 d5 4. Bg2 dxc4 5. Nf3 c5 6. 0-0 Nc6 7. Ne5 Bd7 8. Nxc4 cxd4 9. Bf4 e5 10. Nxe5 Rc8 11. Qb3 Qe7 12. Nxd7 Qxd7 13. Na3 Be7 14. Rfd1 Na5 15. Qd3 Nc6 16. Nc2 0-0 17. Nxd4 Nxd4 18. Qxd4 Qb5 19. Qxa7 Qxb2 20. Qxb7 Qa3 21. Rd3 Qc5 22. Rc1 1-0

[Event "IECC TH-T email"]
[Site "IECC email"]
[Date "2001.09.10"]
[Round "?"]
[White "Zrinski, Scott A"]
[Black "Berkley, Stephen W"]
[Result "0-1"]
[WhiteElo "1582"]
[BlackElo "1775"]
[PlyCount "58"]
[EventDate "2001.??.??"]
[EventType "match (corr)"]
[EventRounds "2"]
[SourceTitle "Corr 2008"]
[Source "ChessBase"]
[SourceDate "2008.06.24"]
[SourceVersion "1"]
[SourceVersionDate "2008.06.24"]
[SourceQuality "1"]

1. d4 Nf6 2. c4 e6 3. g3 c5 4. dxc5 Bxc5 5. Nf3 Ne4 6. e3 Nc6 7. Bg2 0-0 8. 0-0 d5 9. Nfd2 Nxd2 10. Nxd2 dxc4 11. Nxc4 Qe7 12. a3 Rd8 13. Qc2 a5 14. b3 Rb8 15. Bb2 f6 16. Rad1 Bd7 17. Nxa5 Nxa5 18. b4 Bxb4 19. axb4 Qxb4 20. Rd4 Qe7 21. Rfd1 Bc6 22. Ba3 Qe8 23. Bb4 Bxg2 24. Kxg2 Rxd4 25. Rxd4 Qc6+ 26. Qe4 Qxe4+ 27. Rxe4 Nc6 28. Bd6 Rd8 29. Rxe6 Kf7 0-1

[Event "IECC TH-T email"]
[Site "IECC email"]
[Date "2001.08.03"]
[Round "?"]
[White "Zrinski, Scott A"]
[Black "Corbat, Philippe"]
[Result "1/2-1/2"]
[WhiteElo "1587"]
[BlackElo "2074"]
[PlyCount "70"]
[EventDate "2001.??.??"]
[EventType "match (corr)"]
[EventRounds "2"]
[SourceTitle "Corr 2008"]
[Source "ChessBase"]
[SourceDate "2008.06.24"]
[SourceVersion "1"]
[SourceVersionDate "2008.06.24"]
[SourceQuality "1"]

1. d4 Nf6 2. c4 e5 3. dxe5 Ng4 4. Nf3 Bc5 5. e3 Nc6 6. a3 a5 7. Be2 0-0 8. 0-0 Ngxe5 9. Nc3 d6 10. Ne4 Bb6 11. Ng3 Be6 12. b3 a4 13. Nd4 Qh4 14. Bb2 axb3 15. Nxe6 fxe6 16. Bxe5 Nxe5 17. Qxb3 Rf6 18. Kh1 Rh6 19. h3 Rf8 20. Kh2 Ng4+ 21. Bxg4 Qxg4 22. a4 Qg5 23. f4 Qc5 24. e4 Rhf6 25. f5 exf5 26. exf5 Re8 27. Rae1 Rxe1 28. Rxe1 Kf8 29. Qc2 Qd4 30. Qe2 Qe5 31. Qxe5 dxe5 32. Rxe5 Rc6 33. a5 Bc5 34. Ne4 Be7 35. c5 Bf6 1/2-1/2